000 00985cam a22003017a 4500
003 CHAP
005 20220329141506.0
008 971013s1919 r 00010 d
010 _a68988
011 _a69960
035 _a79438
040 _cCHAP
082 _a635.954
_bC4
110 _aCentro Agronómico Tropical de Investigación y Enseñanza. Turrialba, C.R.
_921046
245 0 _aErythrina spp.-fase I
_b: informe técnico final del proyecto
260 _aTurrialba, C. R. :
_bCATIE,
_c19 -- 19
300 _a185 p. (Informe 217s)
500 _aContiene 4 anexos en microfichas
590 _aBATCH-UPD
_b10
_c20130110
_lUCH01
_h2009
590 _aBATCH-UPD
_b10
_c20130410
_lUCH01
_h1329
590 _aBATCH-UPD
_b10
_c20130914
_lUCH01
_h1605
590 _aCONVERSION
_b10
_c20130109
_lUCH01
_h1338
650 1 4 _aÁrboles de sombra.
_982445
650 1 4 _aErythrina.
_937369
901 _aBK
942 _cLIBRO
949 _a635.954 C4
_bBC
_cESP
_d-32327
_eESP
_h76682
_i79438
_mD
_si
999 _c68988
_d68988